Internal combustion engines and air pollution (Record no. 4453)

000 -LEADER
fixed length control field 00551nam a22001937a 4500
001 - CONTROL NUMBER
control field 4453
003 - CONTROL NUMBER IDENTIFIER
control field BD-DhUET
008 - FIXED-LENGTH DATA ELEMENTS--GENERAL INFORMATION
fixed length control field 141116b xxu||||| |||| 00| 0 eng d
020 ## - INTERNATIONAL STANDARD BOOK NUMBER
International Standard Book Number 0352045600
040 ## - CATALOGING SOURCE
Transcribing agency 0
Modifying agency BD-DhUET
082 ## - DEWEY DECIMAL CLASSIFICATION NUMBER
Classification number 621.43
Item number OBE/1973
100 ## - MAIN ENTRY--PERSONAL NAME
Personal name Obert, Edward F.
245 ## - TITLE STATEMENT
Title Internal combustion engines and air pollution
Remainder of title based on internal combustion engines
250 ## - EDITION STATEMENT
Edition statement 3rd ed.
260 ## - PUBLICATION, DISTRIBUTION, ETC. (IMPRINT)
Place of publication, distribution, etc. New York
Name of publisher, distributor, etc. Intext Educational Publishers
Date of publication, distribution, etc. 1973
300 ## - PHYSICAL DESCRIPTION
Extent xiii, 740 p.
Other physical details ill.
650 #0 - SUBJECT ADDED ENTRY--TOPICAL TERM
Topical term or geographic name as entry element Internal combustion engines
942 ## - ADDED ENTRY ELEMENTS (KOHA)
Koha item type General Book
Holdings
Source of classification or shelving scheme Sublocation or collection (holding branch) Not for loan Date acquired Lost status Location (home branch) Koha normalized classification for sorting Koha date last seen Koha item type Koha full call number Koha date last borrowed Piece designation (barcode) Shelving location Koha issues (times borrowed) Price effective from Withdrawn status Copy number Damaged status
 Central Library, BUET 2014-11-16 Central Library, BUET621_000000000000000_43OBE19732015-10-12General Book621.43/OBE/19732014-11-1642113Circulation section12014-11-16   
 Central Library, BUET 2015-04-13 Central Library, BUET621_430000000000000_OBE_19732018-02-17General Book621.43/OBE/19732018-02-0342111Circulation section32015-04-13 2 
 Central Library, BUET 2015-06-16 Central Library, BUET621_430000000000000_OBE_19732015-06-16Reading Item621.43/OBE/1973 42105Reading section 2015-06-16 3 
 Central Library, BUET 2015-06-30 Central Library, BUET621_430000000000000_OBE_19732015-06-30Reading Item621.43/OBE/1973 48959Reading section 2015-06-30 4 
 Central Library, BUET 2015-07-02 Central Library, BUET621_430000000000000_OBE_19732015-07-02Reading Item621.43/OBE/1973 42108Reading section 2015-07-02 5 
 Central Library, BUET 2015-07-04 Central Library, BUET621_430000000000000_OBE_19732015-07-04Reading Item621.43/OBE/1973 48939Reading section 2015-07-04 6